00301nam a2200133Ia 45000030006000000080041000060400015000471000019000622450018000812600035000993000006001345460010001400050017001500STCL150530s9999 xx 000 0 und d aSTCLcSTCL aRajendra Yadav aUgade Hue Log bAkshar Prakashan ; Delhic1965 a0 aHindi20220125171234.0